| 000 | 00893cam a22002893a 4500 | ||
|---|---|---|---|
| 001 | 29316 | ||
| 003 | PGUSA | ||
| 005 | 20140828083632.0 | ||
| 008 | 090704s2009||||xxu|||||s|||||000 1 eng d | ||
| 040 |
_aPGUSA _beng |
||
| 042 | _adc | ||
| 050 | 4 | _aPS | |
| 100 | 1 |
_aBrady, Cyrus Townsend, _d1861-1920 |
|
| 245 | 1 | 0 |
_aSir Henry Morgan, Buccaneer : _bA Romance of the Spanish Main _h[electronic resource] / _cCyrus Townsend Brady |
| 260 |
_bProject Gutenberg, _c2009 |
||
| 506 | _aPublic domain in the USA. | ||
| 516 | _aElectronic text | ||
| 653 | _aBuccaneers -- Fiction | ||
| 653 | _aCaribbean Area -- Fiction | ||
| 653 | _aBiographical fiction | ||
| 653 | _aMorgan, Henry, Sir, 1635?-1688 -- Fiction | ||
| 700 | 1 | _aMarchand, J. N. | |
| 700 | 1 |
_aCrawford, Will, _d1869-1944 |
|
| 830 | 0 |
_aProject Gutenberg _v29316 |
|
| 856 | 4 | 0 | _uhttp://www.gutenberg.org/ebooks/29316 |
| 942 | _cEB | ||
| 999 |
_c258571 _d258571 |
||